Crítica de Asia sobre el cristianismo occidental / (Record no. 111034)

MARC details
000 -LEADER
campo de control de longitud fija 00611nam a2200181 4500
001 - NÚMERO DE CONTROL
campo de control 111034
003 - IDENTIFICADOR DE NÚMERO DE CONTROL
campo de control ES-MaACL
005 - FECHA Y HORA DE LA ÚLTIMA TRANSACCIÓN
campo de control 20230906185227.0
007 - CAMPO FIJO DE DESCRIPCIÓN FÍSICA--INFORMACIÓN GENERAL
campo de control de longitud fija t|
008 - DATOS DE LONGITUD FIJA--INFORMACIÓN GENERAL
campo de control de longitud fija 061121s1950 ag r ||||1| spa d
100 1# - ENTRADA PRINCIPAL--NOMBRE DE PERSONA
Nombre de persona Ohm, Thomas.
9 (RLIN) 86590
245 10 - MENCIÓN DEL TÍTULO
Título Crítica de Asia sobre el cristianismo occidental /
Mención de responsabilidad, etc. Thomas Ohm; versión castellana de P. Policarpo de Iraizoz.
260 ## - PUBLICACIÓN, DISTRIBUCIÓN, ETC.
Lugar de publicación, distribución, etc. Buenos Aires :
Nombre del editor, distribuidor, etc. Descleé de Brouwer,
Fecha de publicación, distribución, etc. 1950.
300 ## - DESCRIPCIÓN FÍSICA
Extensión 158 p. ;
Dimensiones 19 cm.
500 ## - NOTA GENERAL
Nota general Unica traducción autorizada del original alemán.
700 1# - ENTRADA AGREGADA--NOMBRE PERSONAL
Nombre de persona Policarpo de Iraizoz.
9 (RLIN) 92823
852 ## - LOCALIZACIÓN
Ubicación ES-MaACL
Número de control de estantería D-5538
Sublocalización o colección R.31530
Holdings
Estatus retirado Estado de pérdida Estado de daño No para préstamo Biblioteca de origen Biblioteca actual Ubicación en estantería Fecha de adquisición Fuente de adquisición Total de préstamos Signatura topográfica completa Código de barras Visto por última vez Precio de reemplazo Tipo de ítem Koha
        Biblioteca del Ateneo de Madrid Biblioteca del Ateneo de Madrid Sala Valle Inclán 17/01/2008     D-5538 901115846 23/02/2023 23/02/2023 Libro impreso